Combinatorial theory

সংরক্ষণ করুন:
গ্রন্থ-পঞ্জীর বিবরন
প্রধান লেখক: Hall, Marshall (Author)
বিন্যাস: গ্রন্থ
ভাষা:ইংরেজি
প্রকাশিত: Nueva York John Wiley 1986
সংস্করন:2a. ed
বিষয়গুলি:
ট্যাগগুলো: ট্যাগ যুক্ত করুন
কোনো ট্যাগ নেই, প্রথমজন হিসাবে ট্যাগ করুন!

MARC

LEADER 00000nam a2200000 a 4500
001 UCW1526
003 CL-VaPUC
008 920722e19860000US |||||||||||||||||eng|d
082 0 4 |a 511.6  |b HAL  |2 21 
100 |a Hall, Marshall  |e author  |9 422247 
245 1 0 |a Combinatorial theory 
250 |a 2a. ed 
300 |a 440 p 
942 |c BK 
945 |d 19920722 00:00:00 
260 |a Nueva York  |b John Wiley  |c 1986 
650 0 |a Análisis combinatorio   |9 269849 
583 |a last modification  |c 19920722 00:00:00  |k Rodrigo Vera 
999 |c 216409  |d 216407 
952 |0 0  |1 0  |4 0  |6 511_600000000000000_HAL_1986  |7 0  |8 A  |9 202121  |a BIBMAT  |b BIBMAT  |d 2019-11-14  |i 2692384  |o 511.6 HAL 1986  |p 2692384  |r 2025-01-07  |w 2019-11-14  |y BK  |k MAT